000 01196nam a22002897a 4500
999 _c65933
_d65933
005 20240530110850.0
008 200912s2020 ua a f b 000 0dara d
017 _a2019/25628
_bمصر. دار الكتب
020 _a9789772125371
040 _aEG-CaGPL
_cEG-CaGPL
082 0 4 _221
_a953.071\
_bف ت
100 0 _aفهمى عبدالغنى المصرى
245 1 0 _aتاريخ الاندلس السياسى من الفتح الاسلامى الى مرسوم اخراج المسلمين :
_b( 92 - 1018 هـ / 711 - 1609 م ) /
_cفهمى عبدالغنى المصرى
250 _aط.1
260 _aالاسكندرية :
_bمؤسسة شباب الجامعة ،
_c2020
300 _a345 ص. ؛
_c24 سم.
504 _aيشتمل على ارجاعات ببليوجرافية
650 0 7 _aفتح الاندلس
_2qrmak
650 0 7 _aالمرابطون
650 0 7 _aالدولة الاموية
_xتاريخ
650 0 7 _aالفتوحات الاسلامية
650 0 7 _aالعرب فى الاندلس
_2qrmak
650 0 7 _aالاندلس
_xتاريخ
_2qrmak
651 0 7 _2qrmak
_aغرناطة
942 _2ddc
_cBK